MDQL
is popping MORE tags! Check the
thread
!
Quizzes
Events
Quiz Creation
Community
Videos
Private Events
Remove Ads
Sign In
Join for FREE
Feedback
Dark Mode
Quiz Categories
Sports
Geography
Music
Movies
Television
Just For Fun
Miscellaneous
History
Literature
Language
Science
Gaming
Entertainment
Religion
Holiday
For Kids
Quiz Lab
Recent
Popular Today
Quiz Kudos Today
Editor Picks
Curator Picks
Quizzes by...
Day
Popularity
Type
Ratings
Length
Year
Community
Subscriptions
Recent Discussions
Orange Saloon
Badges
Playlists
Quests
Create
Leaderboards
Showdown
Live 5
Trivia Bingo
Activity
Puzzle Library
Sporcle Events
Private Events
Virtual Trivia
Globe League
Become a Host
Pub Owners
SporcleCon
Opinionation
Our Games
Videos
Blog
Mobile Apps
Partnerships
Remove Ads and Go Orange
Feedback
Music
Pop Music
The Beatles
Song
Album
Lyrics
Bands
Singers
Artist
Clip
Rock
Rap
Classical
Billboard
Country Music
Kpop
Taylor Swift
Music
Pop Music
The Beatles
Song
Album
Lyrics
Bands
Singers
Artist
Clip
Rock
Rap
Classical
Billboard
Country Music
Kpop
Taylor Swift
Random Quiz
Search Sporcle
×
Quiz Lab
Quiz Lab
Music
Musical
Select answers by clicking on text or image buttons
Select answers by clicking on text or image buttons
Clickable
Best Score? Go Orange.
Quiz Bowl Important Musicals and Operas and other works Stats
Can you pick the Quiz Bowl Important Musicals and Operas and other musical works??
By
AHSquizbowl
15m
62 Questions
563 Plays
563 Plays
563 Plays
Comments
Comments
Give Quiz Kudos
Give Quiz Kudos
-
- Ratings
hide this ad
Forced Order
Answers have to be entered in order
Answers have to be entered in order
Random Order
Randomize order of answers
Randomize order of answers
Replay
Link that replays current quiz
Next Quiz
Link to next quiz in quiz playlist
You Got
0%
They Got
Avg Score
56%
Avg Friend Score
Upgrade to see
Score Distribution
Jump to the score distribution portion of the page
Score
0/62
Timer
15:00
0
Plays Today
% Correct
Vivaldi
72.5%
Tchaikovsky
69.4%
Tchaikovsky
68.7%
Mozart
68.2%
Gershwin
68.2%
Tchaikovsky
68.2%
Handel
68%
Beethoven
66.8%
Gershwin
66.3%
Beethoven
65.9%
Copland
65.5%
Rogers and Hammerstein
65.4%
Rogers and Hammerstein
65%
Mozart
64.8%
Beethoven
64.7%
Bizet
64.5%
Stravinsky
64.3%
Lloyd Webber
64.3%
Mozart
63.9%
Lloyd Webber
63.9%
Beethoven
63.4%
Beethoven
62.9%
Bernstein
62.9%
Lloyd Webber
62.7%
Holst
61.8%
Mozart
61.8%
Ravel
60.4%
Rossini
58.8%
Prokofiev
58.6%
Dvorak
58.6%
Rossini
56.8%
% Correct
Verdi
56.3%
Puccini
56.3%
Puccini
56.3%
Wagner
55.6%
Wagner
54.5%
Puccini
54.2%
Mussorgsky
54.2%
Wagner
54%
Haydn
54%
Wagner
53.6%
Mussorgsky
53.6%
Verdi
53.3%
Liszt
52.9%
Puccini
52.4%
Verdi
52%
Verdi
51.5%
Debussy
49.9%
Berlioz
48.7%
Rachmaninov
48.1%
Orff
47.6%
Elgar
47.1%
Brahms
45.1%
Sullivan
44.9%
R Strauss
44.9%
Mahler
41%
Loewe
40.5%
Mahler
39.6%
Weill
38%
Menotti
37.7%
Kander
34.1%
Bock
31.3%
Quiz Playlist
Details
Report
Send in Message
Add To Playlist
Clickable:
Select answers by clicking on text or image buttons
Forced Order:
Answers have to be entered in order
Random Order:
Randomize order of answers
Quiz Source
Last Updated: Feb 16, 2017
Quiz Scoreboard
CHALLENGE
Sign Up to Join the Scoreboard
Show All
Scores
Hide
Comments
May contain spoilers
Recently Published
Find the 'City' Movie
by crazypaving
Movies
60s
5x2 Blitz: Bands
by SL_Kpop136
Music
30s
Colored Red Africa Blitz
by spor1
Geography
30s
More to Explore
Quiz From the Vault
Featured Blog Post
14 Easter Pick-up Lines to Find Eggs With
hide this ad
You Might Also Like...
Tags
Musical Quiz
Bowl
Composer
important
Opera
Playwright
Today's Top Quizzes in Music
Browse Music
hide this ad
Today's Top Quizzes in Musical
Browse Musical
Top Contributed Quizzes in Music
1
5X2 Blitz: Bands II
2
Taylor Swift All Songs (2024)
3
5X2 Blitz: The Beatles
4
5X2 Blitz: Billboard
5
Taylor Swift Logic Puzzle
6
Taylor Swift Logic Puzzle II
7
5X2 Blitz: Album
8
5X2 Blitz: Billboard II
9
Music Artist by Three 2010s hits
10
5X2 Blitz: Rock
Explore More
Trending Topics
Crossword
Harry Potter
Anime
Kpop
Marvel
Disney
NBA
Puzzle
Country
NFL
Soccer
Pokémon
Song
The Office
WWE
hide this ad
More By:
AHSquizbowl
Quiz
Plays
Rating
Category
Featured
Created
Quiz Bowl Top 100 Works of literature
6,788
4.43
Literature
Sep 11, 2012
Quiz Bowl Important Musicals and Operas and other works
563
5.00
Music
Sep 16, 2012
Go to Creator's Profile
Score Distribution
Quiz Creator Spotlight
AHSquizbowl
Follow
Send a Message
Quizzes Created
-
Created Quiz Play Count
-
More By This Creator
Popular Quizzes Today
1
Find the 'City' Movie
2
5x2 Blitz: Bands
3
Colored Red Africa Blitz
4
Find the US States - No Outlines Minefield
5
The Countries of the World
6
Find the US States
7
9x9 Crossword: Cartoon Network
8
US States
More Music Quizzes
Songs by First Line II
Published
Trending Quizzes
Colored Red Africa Blitz II
Colored Red Europe Blitz I
Colored Red Africa Blitz III
Colored Red Europe Blitz II
Colored Red Europe Blitz III
Recently Updated
Champions League XIs: Real Madrid
pecheneg
Largest US Cities 1790-2010
pecheneg
Rides in Walt Disney World
pecheneg
Most Oscar Losses (Acting)
pecheneg
Beyoncé Albums
pecheneg
Leaping Animals
pecheneg
Reality TV Shows (A-Z)
bhenderson79
Rickey Henderson's Hall of Fame Teammates
pecheneg
Champions League XIs: Arsenal
pecheneg
Quick Pick: Celebrities in WWE's Hall of Fame
aduchscher
Trending Topics
Disney
Marvel
Kpop
NBA
Harry Potter
Crossword
Anime
The Office
Song
Country
Soccer
Pokémon
NFL
WWE
Puzzle
Your Account Isn't Verified!
In order to create a playlist on Sporcle, you need to verify the email address you used during registration. Go to your
Sporcle Settings
to finish the process.
Report this User
Report this user for behavior that violates our
Community Guidelines
.
Details:
Send Report
Go to the Sporcle.com Mobile Site →
Comments